| 000 | 00571nam a2200181Ia 4500 | ||
|---|---|---|---|
| 008 | 100920s9999 xx 000 0 und d | ||
| 082 |
_b24588 _a891.463.1 थ 71 |
||
| 100 | _aअंतरकर अनंत / कोलारकर राम. | ||
| 245 | _aहंस कथा : 2. | ||
| 260 |
_bहंस प्रकाशन, पुणे. _c1971 |
||
| 300 |
_a214 _bसाधी |
||
| 365 | _b10 | ||
| 520 | _aलघुकथा. | ||
| 630 | _aहंस कथा : 2. | ||
| 650 | _aलघुकथा. | ||
| 730 | _aहंस कथा : 2. | ||
| 942 | _cBOOK | ||
| 999 |
_c682910 _d682907 |
||